000 01363nam a2200349 c 4500
001 52463
003 ES-MaCES
005 20250310110220.0
007 cr |||||||||||
008 220823s2022 it d t i000 | spa d
020 _a9789251364796
040 _aES-MaCES
_bspa
_cES-MaCES
245 0 0 _aEl estado de los bosques del mundo 2022
_hRecurso electrónico
_b: vías forestales hacia la recuperación verde y la creación de economías inclusivas, resilientes y sostenibles
260 _aRoma
_bFAO
_c2022
300 _a1 documento pdf
_e(8,95 mb)
490 1 _aEl estado de los bosques del mundo
_v2022
541 _cGratuito
650 4 _abosque
_927585
650 4 _asilvicultura
_927586
650 4 _aprotección forestal
_928752
650 4 _apolítica forestal
_927589
650 4 _a2022
_940274
650 4 _ainforme
_928986
653 1 0 _aMedio ambiente
710 2 _aOrganización de las Naciones Unidas para la Agricultura y la Alimentación
_eed.
_94711
787 0 _tSituación de los bosques del mundo 2009
_w(ES-MaCES)22409
830 3 _941318
_aEl estado de los bosques del mundo (SOFO)
_v2022
856 4 _uhttps://doi.org/10.4060/cb9360es
_yhttps://doi.org/10.4060/cb9360es
856 4 _uhttp://biblioteca.ces.es/repintra/B52463.pdf
_ytexto completo
_z[intranet]
902 _aELE PUB. ELECTRONICA
942 _2CES
_cBK
_h4.2.
999 _c52463
_d52463